Bratislava je formula 1 Volkswagenu

Situácia v bratislavskom Volkswagene. Vnútorné zmeny v riadení podniku dali podniku dlhodobú perspektívu rastu. Nárast výroby a tržieb. Všetky novinky vo výrobných postupoch, aj v celkovej organizácii, závisia od ľudí, bez ktorých nefunguje žiadny systém. Zamestnanci ho musia pochopiť, prijať a nauč...

Descripción completa

Guardado en:
Detalles Bibliográficos
Autor principal: Jesný, Martin
Formato: Capítulo de libro
Lenguaje:eslovaco
Materias:
Etiquetas: Agregar Etiqueta
Sin Etiquetas, Sea el primero en etiquetar este registro!

MARC

LEADER 00000naa$a2200000$$$4500
001 0051852
005 20231009072906.3
041 0 |a slo 
044 |a SK 
245 1 0 |a Bratislava je formula 1 Volkswagenu  |c Martin Jesný 
520 |a Situácia v bratislavskom Volkswagene. Vnútorné zmeny v riadení podniku dali podniku dlhodobú perspektívu rastu. Nárast výroby a tržieb. Všetky novinky vo výrobných postupoch, aj v celkovej organizácii, závisia od ľudí, bez ktorých nefunguje žiadny systém. Zamestnanci ho musia pochopiť, prijať a naučiť sa v ňom pracovať. Inteligentná fabrika - väčšinu z auta vyrábajú dodávatelia. Budúcnosť koncernu. 
610 2 0 |a priemysel automobilový 
610 2 0 |a automobily 
610 2 0 |a výroba 
610 2 0 |a riadenie 
610 2 0 |a tržby 
610 2 0 |a pracovníci 
610 2 0 |a Volkswagen Slovakia 
610 2 0 |a Bratislava 
100 1 |a Jesný, Martin